Advanced Magnetic Nanocomposites (Record no. 24396)

MARC details
000 -LEADER
fixed length control field 01172nam a2200133Ia 4500
008 - FIXED-LENGTH DATA ELEMENTS--GENERAL INFORMATION
fixed length control field 220620s9999||||xx |||||||||||||| ||und||
020 ## - INTERNATIONAL STANDARD BOOK NUMBER
International Standard Book Number 9783040000000
245 #0 - TITLE STATEMENT
Title Advanced Magnetic Nanocomposites
Remainder of title Structural, Physical Properties and Application
546 ## - LANGUAGE NOTE
Language note English[eng]
650 ## - SUBJECT ADDED ENTRY--TOPICAL TERM
Topical term or geographic name entry element Fe-Al||antiphase boundaries||magnetism||ab initio||stability||disorder||magnetic hybrid nanocomposites||nanoparticles||magnetic properties||mechanical properties||spark plasma sintering||spinel ferrite||nanocomposites||electromagnetic interference shielding||magnetic loss||dielectric loss||laccase||immobilization||thiolated chitosan||super-magnetic nanosupports for enzyme immobilization||ampicillin||Direct Red 80||hydrogel||Fe2O3 and Al2O3 nanoparticles||gel-based composites||cells||biocompatibility||sonochemical synthesis||polymer hydrogel||self-healing||magnetic gel||actuator||copper ferrite||sol-gel||aerogels||xerogels||magnetic hyperthermia||arterial embolization hyperthermia||magnetic nanoparticles||embolic agents||animal model||clinical application (results)
700 ## - ADDED ENTRY--PERSONAL NAME
Personal name Yadav, Raghvendra Singh
856 ## - ELECTRONIC LOCATION AND ACCESS
Uniform Resource Identifier <a href="https://mdpi.com/books/pdfview/book/4942">https://mdpi.com/books/pdfview/book/4942</a>
942 ## - ADDED ENTRY ELEMENTS (KOHA)
Koha item type E-Books
Holdings
Withdrawn status Lost status Damaged status Not for loan Home library Current library Date acquired Total Checkouts Date last seen Price effective from Koha item type
        Kerala University of Digital Sciences, Innovation and Technology Knowledge Centre Kerala University of Digital Sciences, Innovation and Technology Knowledge Centre 20/06/2022   20/06/2022 20/06/2022 E-Books